Loading...
| Philosophy | 0 | 9 | 0 | 2 | 90 | 67 | 96.78 | 4 | 9 | 0.00 | 0.00 |
| Literature - British | 0 | 5 | 0 | 0 | 50 | 82 | 119.20 | 1 | 4 | 0.00 | 0.00 |
| Literature - American | 0 | 3 | 0 | 0 | 30 | 38 | 63.00 | 2 | 3 | 0.00 | 0.00 |
| Religion | 0 | 2 | 0 | 0 | 20 | 75 | 95.00 | 1 | 1 | 0.00 | 0.00 |
| Fine Arts - Other | 0 | 2 | 0 | 0 | 20 | 68 | 93.50 | 1 | 2 | 0.00 | 0.00 |
| Literature - World | 0 | 2 | 0 | 0 | 20 | 78 | 79.00 | 1 | 1 | 0.00 | 0.00 |
| Literature - European | 0 | 2 | 0 | 0 | 20 | 79 | 101.50 | 1 | 1 | 0.00 | 0.00 |
| Current Events | 0 | 1 | 0 | 0 | 10 | 76 | 76.00 | 0 | 1 | 0.00 | 0.00 |
| Science - Other | 0 | 1 | 0 | 0 | 10 | 143 | 143.00 | 0 | 0 | 0.00 | 0.00 |
| Fine Arts - Classical Music | 0 | 1 | 1 | 0 | 5 | 124 | 124.00 | 0 | 1 | 0.00 | 0.00 |
| Social Science | 0 | 1 | 1 | 0 | 5 | 86 | 86.00 | 0 | 1 | 0.00 | 0.00 |
| History - World | 0 | 0 | 1 | 0 | -5 | 0.00 | 0 | 0 | 0.00 | 0.00 |